=LDR 00000nam 2200000 4500 =001 INLIS000000000029621 =005 20141213144942.0 =006 =007 =008 Ind =035 ##$$0010-061300000029621 =041 ##$$a Ind =082 ##$$a 813 =090 ##$$a 813, Hir e =100 ##$$a Hirata, Andrea =245 ##$$a Edensor, Andrea Hirata ; penyunting, Iman Risdiyanto =260 ##$$a 2008 $b Yogyakarta =300 ##$$a ix, 290 hlm, ilus6c20 cm =650 ##$$a Fiksi Indonesia =850 ##$$a NBPNMAT =990 ##$$a 92321/BPAP-NTB/2014 =990 ##$$a 93411/BPAP-NTB/2014 =990 ##$$a 21195184/BPAP-NTB/2014 =990 ##$$a 0001/BPAP-NTB/20142014 =990 ##$$a 0001/BPAP-NTB/20142014 =990 ##$$a 0001/BPAP-NTB/20142014 =990 ##$$a 0001/BPAP-NTB/20142015 =990 ##$$a 05210521 =990 ##$$a 92321/BPAP-NTB/2014 =990 ##$$a 93411/BPAP-NTB/2014 =990 ##$$a 21195184/BPAP-NTB/2014 =990 ##$$a 0001/BPAP-NTB/20142014 =990 ##$$a 0001/BPAP-NTB/20142014 =990 ##$$a 0001/BPAP-NTB/20142014 =990 ##$$a 0001/BPAP-NTB/20142015 =990 ##$$a 01200200521